[Event "5. Open Memorial Pedro Lezcano 2012"]
[Site "Gran Canaria ESP"]
[Date "2012.04.03"]
[Round "2.14"]
[White "Rodriguez Lorenzo, Yadira"]
[Black "Pataki, Gyozo"]
[Result "0-1"]
[WhiteElo "2042"]
[BlackElo "2357"]
[PlyCount "55"]
[EventDate "2012.04.02"]
[EventType "swiss"]
[EventRounds "9"]
[EventCountry "ESP"]
[Source "lmi"]
[SourceDate "2012.04.02"]

1. e4 c5 2. Nf3 Nc6 3. d4 cxd4 4. Nxd4 Nf6 5. Nc3 d6 6. Bg5 e6 7. Qd2 a6 8.
O-O-O Qb6 9. Nb3 Be7 10. f4 O-O 11. Be2 Rd8 12. Bf3 h6 13. h4 Kf8 14. g4 hxg5
15. hxg5 Ng8 16. Rh8 Bd7 17. Rdh1 Bxg5 18. fxg5 Ne5 19. Bd1 Ng6 20. R8h3 Rac8
21. Re3 Be8 22. Nd4 Ne5 23. Qf2 Nd3+ 24. cxd3 d5 25. e5 Rc7 26. Nb3 a5 27. a4
Rdc8 28. Kd2 0-1

[Event "5. Open Memorial Pedro Lezcano 2012"]
[Site "Gran Canaria ESP"]
[Date "2012.04.03"]
[Round "2.15"]
[White "Hernando Rodrigo, Jose Maria"]
[Black "Gonzalez Intelangelo, Gerardo"]
[Result "1/2-1/2"]
[WhiteElo "2326"]
[BlackElo "2020"]
[PlyCount "51"]
[EventDate "2012.04.02"]
[EventType "swiss"]
[EventRounds "9"]
[EventCountry "ESP"]
[Source "lmi"]
[SourceDate "2012.04.02"]

1. d4 e6 2. Nf3 f5 3. c4 Nf6 4. Nc3 d6 5. Qc2 Nbd7 6. e4 fxe4 7. Nxe4 Nxe4 8.
Qxe4 Nf6 9. Qh4 g6 10. Bd3 Bg7 11. Bg5 Qe7 12. O-O Bd7 13. d5 O-O-O 14. Rfe1
Qf7 15. dxe6 Bxe6 16. Be3 h6 17. Qg3 g5 18. Bxg5 Nh5 19. Qh4 Rdg8 20. Rad1 Bd7
21. Be7 Nf4 22. Bf1 Bc3 23. bxc3 Rg4 24. Qf6 Nh3+ 25. Kh1 Nxf2+ 26. Kg1 1/2-1/2

[Event "5. Open Memorial Pedro Lezcano 2012"]
[Site "Gran Canaria ESP"]
[Date "2012.04.03"]
[Round "2.16"]
[White "Cruz Pino, Adrian"]
[Black "Vega Gutierrez, Sabrina"]
[Result "0-1"]
[WhiteElo "2011"]
[BlackElo "2323"]
[PlyCount "96"]
[EventDate "2012.04.02"]
[EventType "swiss"]
[EventRounds "9"]
[EventCountry "ESP"]
[Source "lmi"]
[SourceDate "2012.04.02"]

1. Nf3 d5 2. d4 Nf6 3. g3 c6 4. Bg2 Bg4 5. Nbd2 Nbd7 6. O-O e6 7. c4 Bd6 8. Re1
O-O 9. Qb3 b5 10. cxd5 cxd5 11. Qxb5 Rb8 12. Qa6 Qc7 13. e4 Rb6 14. Qd3 Bb4 15.
Re3 Rc6 16. Qf1 Rc8 17. Nb3 Nxe4 18. Ne1 Bd1 19. Nd3 Bxb3 20. axb3 Nd6 21. Re2
Nb5 22. Be3 Bd6 23. Ree1 Qb6 24. Red1 Nc7 25. Ra4 Na6 26. Rda1 Ndb8 27. Qd1 Nb4
28. Nxb4 Bxb4 29. Bf1 a5 30. Bd3 Nd7 31. h4 Qd8 32. Qe2 h6 33. Kg2 f5 34. Kh3
Nf6 35. f3 Rb8 36. Bf4 Rbc8 37. Be3 Kh8 38. Kg2 Qc7 39. Bf4 Qf7 40. Kh3 Nh5 41.
Bd2 Qc7 42. f4 Bxd2 43. Qxd2 Rb8 44. Rxa5 Rxb3 45. Qd1 Rcb6 46. Qxh5 Rxd3 47.
Qe8+ Kh7 48. Rc5 Qxf4 0-1

[Event "5. Open Memorial Pedro Lezcano 2012"]
[Site "Gran Canaria ESP"]
[Date "2012.04.03"]
[Round "2.17"]
[White "Joie, Sebastien"]
[Black "Garcia Rodriguez, Sara"]
[Result "1-0"]
[WhiteElo "2320"]
[BlackElo "2011"]
[PlyCount "49"]
[EventDate "2012.04.02"]
[EventType "swiss"]
[EventRounds "9"]
[EventCountry "ESP"]
[Source "lmi"]
[SourceDate "2012.04.02"]

1. Nf3 Nf6 2. g3 g6 3. Bg2 Bg7 4. O-O O-O 5. d4 d6 6. c4 c5 7. Nc3 Nc6 8. b3 a6
9. Bb2 Rb8 10. dxc5 dxc5 11. Na4 Nd7 12. Bxg7 Kxg7 13. Qd2 Qc7 14. Nc3 Nf6 15.
Qb2 Kg8 16. Nd5 Nxd5 17. cxd5 Na7 18. Rac1 Qd6 19. e4 Bd7 20. e5 Qb6 21. e6
fxe6 22. Ne5 Bb5 23. Rfe1 exd5 24. Bxd5+ e6 25. Nxg6 1-0

[Event "5. Open Memorial Pedro Lezcano 2012"]
[Site "Gran Canaria ESP"]
[Date "2012.04.03"]
[Round "2.18"]
[White "De La Hoz Sanchez, Ruben"]
[Black "Robin, Samy"]
[Result "1/2-1/2"]
[WhiteElo "1961"]
[BlackElo "2298"]
[PlyCount "56"]
[EventDate "2012.04.02"]
[EventType "swiss"]
[EventRounds "9"]
[EventCountry "ESP"]
[Source "lmi"]
[SourceDate "2012.04.02"]

1. d4 Nf6 2. c4 g6 3. Nc3 Bg7 4. e4 d6 5. f3 e5 6. Nge2 Nc6 7. Be3 O-O 8. Qd2
exd4 9. Nxd4 Nxd4 10. Bxd4 c6 11. O-O-O Qa5 12. Kb1 Be6 13. Nd5 Qxd2 14. Nxf6+
Bxf6 15. Rxd2 Bxd4 16. Rxd4 Rfd8 17. Be2 Kf8 18. Rhd1 Ke7 19. Kc2 a6 20. b3 b5
21. a3 c5 22. R4d2 bxc4 23. Bxc4 Bxc4 24. bxc4 Rab8 25. Rd5 f6 26. f4 Rb6 27.
e5 fxe5 28. fxe5 Rd7 1/2-1/2

[Event "5. Open Memorial Pedro Lezcano 2012"]
[Site "Gran Canaria ESP"]
[Date "2012.04.03"]
[Round "2.19"]
[White "De La Cruz Sanchez, Carlos G"]
[Black "Perez Barreto, Adrian"]
[Result "1-0"]
[WhiteElo "2288"]
[BlackElo "1956"]
[PlyCount "63"]
[EventDate "2012.04.02"]
[EventType "swiss"]
[EventRounds "9"]
[EventCountry "ESP"]
[Source "lmi"]
[SourceDate "2012.04.02"]

1. e4 c5 2. Nf3 e6 3. c3 Nf6 4. Bd3 Nc6 5. Bc2 Qc7 6. O-O Be7 7. Re1 d5 8. e5
Nd7 9. d4 b6 10. a3 Bb7 11. b4 c4 12. a4 a5 13. b5 Na7 14. Ng5 Bxg5 15. Bxg5 h6
16. Qh5 Rf8 17. Bc1 Nc8 18. Qg4 g5 19. Qh5 Ne7 20. Ba3 Rh8 21. Bd6 Qd8 22. Re3
Nf8 23. Rf3 Neg6 24. Bxf8 Nf4 25. Rxf4 gxf4 26. Bg7 Rg8 27. Bf6 Qd7 28. Nd2 Qc7
29. Nf3 Rf8 30. Qxh6 Kd7 31. Qxf4 Rae8 32. Bg7 1-0

[Event "5. Open Memorial Pedro Lezcano 2012"]
[Site "Gran Canaria ESP"]
[Date "2012.04.03"]
[Round "2.20"]
[White "Mayor Gonzalez, Julio"]
[Black "Gutierrez Olivares, Daniel"]
[Result "0-1"]
[WhiteElo "1943"]
[BlackElo "2281"]
[PlyCount "56"]
[EventDate "2012.04.02"]
[EventType "swiss"]
[EventRounds "9"]
[EventCountry "ESP"]
[Source "lmi"]
[SourceDate "2012.04.02"]

1. d4 e6 2. Nf3 Nf6 3. e3 c5 4. c3 cxd4 5. exd4 b6 6. Bd3 Bb7 7. Qe2 Be7 8.
Nbd2 Qc7 9. O-O O-O 10. Ne5 d6 11. Ng4 Nxg4 12. Qxg4 f5 13. Qh3 Rf6 14. Nf3 h6
15. Re1 Nd7 16. Bf4 Raf8 17. Re2 R8f7 18. Ne1 g5 19. Bd2 e5 20. Bc2 e4 21. Qh5
d5 22. f3 Kg7 23. Bb3 Rg6 24. Qh3 Nf6 25. Qxf5 Bc8 26. fxe4 Bxf5 27. exf5 Ng4
28. fxg6 Qxh2# 0-1

[Event "5. Open Memorial Pedro Lezcano 2012"]
[Site "Gran Canaria ESP"]
[Date "2012.04.03"]
[Round "2.21"]
[White "Valles, Manuel"]
[Black "Korneev, Svyatoslav"]
[Result "1/2-1/2"]
[WhiteElo "2260"]
[BlackElo "1938"]
[PlyCount "58"]
[EventDate "2012.04.02"]
[EventType "swiss"]
[EventRounds "9"]
[EventCountry "ESP"]
[Source "lmi"]
[SourceDate "2012.04.02"]

1. d4 Nf6 2. c4 c5 3. d5 b5 4. Qc2 bxc4 5. e4 g6 6. Bxc4 Bg7 7. Nf3 Ba6 8. e5
Ng4 9. Bxa6 Qa5+ 10. Nc3 Nxa6 11. Qe4 Qb4 12. Qe2 Nc7 13. O-O O-O 14. a3 Qb6
15. h3 Nh6 16. Qc4 Nf5 17. b4 d6 18. bxc5 Qxc5 19. Qxc5 dxc5 20. Bg5 h6 21. Bf4
Nd4 22. Rfd1 Ncb5 23. Nxb5 Ne2+ 24. Kf1 Nxf4 25. Rac1 Rfc8 26. Rc4 g5 27. Nc3
Ng6 28. Re1 Rcb8 29. Na4 Nf4 1/2-1/2

[Event "5. Open Memorial Pedro Lezcano 2012"]
[Site "Gran Canaria ESP"]
[Date "2012.04.03"]
[Round "2.22"]
[White "Guerrero Romero, Antonio"]
[Black "Meneses Gonzalez, Kevin Moises"]
[Result "0-1"]
[WhiteElo "1933"]
[BlackElo "2248"]
[PlyCount "96"]
[EventDate "2012.04.02"]
[EventType "swiss"]
[EventRounds "9"]
[EventCountry "ESP"]
[Source "lmi"]
[SourceDate "2012.04.02"]

1. e4 c5 2. Nf3 d6 3. d4 cxd4 4. Nxd4 Nf6 5. Nc3 Nc6 6. Be3 Ng4 7. Qd2 Nxe3 8.
Qxe3 e6 9. Bc4 Be7 10. O-O O-O 11. Rad1 Qc7 12. Bb3 Bd7 13. Ncb5 Qb8 14. c4 a6
15. Nxc6 bxc6 16. Nd4 a5 17. Rd2 Qc7 18. Bc2 c5 19. Ne2 Bc6 20. b3 a4 21. f4
axb3 22. axb3 Rfd8 23. f5 exf5 24. Rxf5 Ra1+ 25. Rf1 Rxf1+ 26. Kxf1 Bf6 27. Qd3
Be5 28. Ng3 g6 29. Rd1 Qe7 30. Kg1 Ra8 31. Ne2 Qh4 32. h3 Qg5 33. Qd2 Qh4 34.
Qe1 Qf6 35. Qf2 Qe7 36. Kh1 Ra2 37. Bb1 Rb2 38. Qf3 Qb7 39. Bd3 Rxb3 40. Nf4
Rb2 41. Nd5 Bxd5 42. exd5 Kg7 43. Rf1 Qe7 44. Rd1 h5 45. Rf1 h4 46. Qg4 Rd2 47.
Bb1 Rd4 48. Qe2 Qg5 0-1

[Event "5. Open Memorial Pedro Lezcano 2012"]
[Site "Gran Canaria ESP"]
[Date "2012.04.03"]
[Round "2.23"]
[White "Bressac, Stephane"]
[Black "Rodriguez Perez, Jezabel"]
[Result "1-0"]
[WhiteElo "2243"]
[BlackElo "1902"]
[PlyCount "50"]
[EventDate "2012.04.02"]
[EventType "swiss"]
[EventRounds "9"]
[EventCountry "ESP"]
[Source "lmi"]
[SourceDate "2012.04.02"]

1. e4 e6 2. d4 d5 3. Nc3 dxe4 4. Nxe4 Nd7 5. Nf3 Ngf6 6. Bg5 Be7 7. Bxf6 Nxf6
8. Bd3 Bd7 9. Ne5 O-O 10. Qf3 Be8 11. O-O-O Nd5 12. a3 f6 13. Nc4 b5 14. Ncd2
e5 15. c4 Nf4 16. cxb5 Qxd4 17. Bc4+ Kh8 18. g3 Bh5 19. g4 Be8 20. Ng3 Rd8 21.
Nf5 Qc5 22. b4 Nd3+ 23. Qxd3 Rxd3 24. bxc5 Rxd2 25. Rxd2 Bxc5 1-0

[Event "5. Open Memorial Pedro Lezcano 2012"]
[Site "Gran Canaria ESP"]
[Date "2012.04.03"]
[Round "2.24"]
[White "Marrero Cardenes, Agustin"]
[Black "Gonzalez Diaz, Julio"]
[Result "0-1"]
[WhiteElo "1895"]
[BlackElo "2232"]
[PlyCount "56"]
[EventDate "2012.04.02"]
[EventType "swiss"]
[EventRounds "9"]
[EventCountry "ESP"]
[Source "lmi"]
[SourceDate "2012.04.02"]

1. d4 d6 2. e4 g6 3. f4 Nf6 4. Bd3 Bg7 5. Nf3 O-O 6. O-O Na6 7. c3 c5 8. a3 Bg4
9. h3 Bxf3 10. Qxf3 cxd4 11. cxd4 Qb6 12. Qf2 Nxe4 13. Qf3 Qxd4+ 14. Kh2 Nac5
15. Bxe4 Qxe4 16. Qxe4 Nxe4 17. Re1 d5 18. a4 Rac8 19. Ra2 Bh6 20. Be3 a6 21.
Ra3 Rfd8 22. Nc3 Nxc3 23. bxc3 Rc4 24. g3 Bg7 25. Bb6 Rd7 26. Ba5 e6 27. Kg2 h5
28. h4 d4 0-1

[Event "5. Open Memorial Pedro Lezcano 2012"]
[Site "Gran Canaria ESP"]
[Date "2012.04.03"]
[Round "2.25"]
[White "Marrero Lopez, Agustin"]
[Black "Alvarado Diaz, Alejandro"]
[Result "1/2-1/2"]
[WhiteElo "1867"]
[BlackElo "2219"]
[PlyCount "68"]
[EventDate "2012.04.02"]
[EventType "swiss"]
[EventRounds "9"]
[EventCountry "ESP"]
[Source "lmi"]
[SourceDate "2012.04.02"]

1. Nf3 g6 2. c4 Bg7 3. g3 e5 4. d3 Ne7 5. Nc3 d6 6. Bg2 O-O 7. O-O c5 8. Bg5 h6
9. Bd2 Nbc6 10. Qc1 Kh7 11. e4 Be6 12. a3 Qd7 13. Nd5 Bxd5 14. cxd5 Nd4 15.
Nxd4 cxd4 16. b4 Rfc8 17. Qb2 h5 18. Rac1 Rxc1 19. Rxc1 Rc8 20. Rxc8 Qxc8 21.
Qc1 Qxc1+ 22. Bxc1 Bh6 23. f4 Kg7 24. Bh3 f5 25. Kf2 Kf7 26. Kf3 Ke8 27. Bf1 a6
28. Be2 Kf7 29. Bd1 Ng8 30. Ba4 b5 31. Bd1 Kf6 32. h4 Kf7 33. Kg2 Nf6 34. Bf3
Kf8 1/2-1/2

[Event "5. Open Memorial Pedro Lezcano 2012"]
[Site "Gran Canaria ESP"]
[Date "2012.04.03"]
[Round "2.26"]
[White "Garcia Blanco, Omar"]
[Black "Saad Addin Quintana, Samir N"]
[Result "1/2-1/2"]
[WhiteElo "2205"]
[BlackElo "1879"]
[PlyCount "63"]
[EventDate "2012.04.02"]
[EventType "swiss"]
[EventRounds "9"]
[EventCountry "ESP"]
[Source "lmi"]
[SourceDate "2012.04.02"]

1. e4 c5 2. c3 d6 3. d4 cxd4 4. cxd4 Nf6 5. Nc3 a6 6. Bg5 Qa5 7. Bxf6 gxf6 8.
Qd2 Nc6 9. d5 Ne5 10. Be2 h5 11. f4 Bh6 12. Nf3 Rg8 13. g3 Bg4 14. Nd4 Qb6 15.
Na4 Qa7 16. Qb4 Bxe2 17. Kxe2 Bxf4 18. Nb6 Be3 19. Rhd1 Bxd4 20. Qxd4 Rd8 21.
Rac1 Nd7 22. Nxd7 Qxd4 23. Rxd4 Kxd7 24. Rdc4 Rc8 25. Rxc8 Rxc8 26. Rxc8 Kxc8
27. Kf3 Kd7 28. Kg2 e5 29. Kh3 f5 30. exf5 Ke7 31. g4 Kf6 32. Kg3 1/2-1/2

[Event "5. Open Memorial Pedro Lezcano 2012"]
[Site "Gran Canaria ESP"]
[Date "2012.04.03"]
[Round "2.27"]
[White "Herrera Reyes, Jose Antonio"]
[Black "Aguila Hernandez, Eduardo"]
[Result "1-0"]
[WhiteElo "2220"]
[BlackElo "1864"]
[PlyCount "41"]
[EventDate "2012.04.02"]
[EventType "swiss"]
[EventRounds "9"]
[EventCountry "ESP"]
[Source "lmi"]
[SourceDate "2012.04.02"]

1. e4 c5 2. c3 e6 3. Nf3 d5 4. exd5 Qxd5 5. d4 Nf6 6. Na3 cxd4 7. Nb5 Na6 8.
Nbxd4 Be7 9. Be2 O-O 10. O-O Nc5 11. Qc2 b6 12. Rd1 Bb7 13. b4 Ncd7 14. c4 Qe4
15. Bd3 Qg4 16. h3 Qh5 17. a3 e5 18. Nf5 Bxb4 19. Ng3 Bxf3 20. Nxh5 Bxh5 21. g4
1-0

[Event "5. Open Memorial Pedro Lezcano 2012"]
[Site "Gran Canaria ESP"]
[Date "2012.04.03"]
[Round "2.28"]
[White "Martinez Rubio, Felipe"]
[Black "Ramirez Maillo, Juan Adonay"]
[Result "0-1"]
[WhiteElo "1853"]
[BlackElo "1575"]
[PlyCount "119"]
[EventDate "2012.04.02"]
[EventType "swiss"]
[EventRounds "9"]
[EventCountry "ESP"]
[Source "lmi"]
[SourceDate "2012.04.02"]

1. d4 Nf6 2. Bg5 c5 3. Nf3 cxd4 4. Qxd4 Nc6 5. Qd1 Qb6 6. Qc1 e6 7. c3 Be7 8.
Nbd2 Ng4 9. e3 Bxg5 10. Nxg5 Nxe3 11. Nc4 Nxc4 12. Bxc4 O-O 13. Qc2 f5 14.
O-O-O h6 15. Nf3 Qc7 16. Kb1 a6 17. a3 b5 18. Ba2 Na5 19. Nd2 Nc4 20. g3 Bb7
21. Rhe1 Rac8 22. Nxc4 bxc4 23. Qd2 Bd5 24. Ka1 Rb8 25. Qd4 Qb6 26. Rd2 Rfc8
27. Bb1 Qxd4 28. Rxd4 g6 29. Re3 Rb7 30. Rd2 Kf7 31. f4 g5 32. fxg5 hxg5 33.
Ree2 Bf3 34. Rf2 g4 35. Rd4 d5 36. h3 Rh8 37. hxg4 e5 38. Bxf5 Rh1+ 39. Ka2
exd4 40. Rxf3 Ke7 41. Rf2 d3 42. g5 Kd6 43. Bg4 Rc1 44. Bf5 Rf7 45. g4 Re7 46.
Bxd3 cxd3 47. Rd2 Rc2 48. Rxd3 Rb7 49. a4 Rbxb2+ 50. Ka3 a5 51. c4 Ra2+ 52. Kb3
Rcb2+ 53. Kc3 Ra3+ 54. Kd4 Rxd3+ 55. Kxd3 dxc4+ 56. Kd4 Rg2 57. Kxc4 Rxg4+ 58.
Kb5 Rxg5+ 59. Kb6 Rc5 60. Kb7 0-1

[Event "5. Open Memorial Pedro Lezcano 2012"]
[Site "Gran Canaria ESP"]
[Date "2012.04.03"]
[Round "2.29"]
[White "Manchon Santana, Alberto"]
[Black "Ramirez Medina, Victor"]
[Result "0-1"]
[WhiteElo "1475"]
[BlackElo "1863"]
[PlyCount "58"]
[EventDate "2012.04.02"]
[EventType "swiss"]
[EventRounds "9"]
[EventCountry "ESP"]
[Source "lmi"]
[SourceDate "2012.04.02"]

1. d4 d5 2. c4 c6 3. Nc3 Nf6 4. Nf3 e6 5. cxd5 exd5 6. Bg5 Be7 7. Qc2 O-O 8. e3
Nbd7 9. Bd3 Re8 10. O-O Nf8 11. Rab1 g6 12. b4 Ne6 13. Bxf6 Bxf6 14. b5 c5 15.
dxc5 Nxc5 16. Rbc1 Be6 17. Ne2 Rc8 18. Ned4 Qd6 19. Rfd1 Rc7 20. Qb2 Rec8 21.
Be2 Na4 22. Qd2 Nc3 23. Re1 Qa3 24. Rc2 Bg4 25. Rec1 Ne4 26. Qd3 Qxc1+ 27. Rxc1
Rxc1+ 28. Bd1 Bxd4 29. Qxd4 Nc3 0-1

[Event "5. Open Memorial Pedro Lezcano 2012"]
[Site "Gran Canaria ESP"]
[Date "2012.04.03"]
[Round "2.30"]
[White "Guerrero Orihuela, Jose Luis"]
[Black "Kleine, Peter"]
[Result "1-0"]
[WhiteElo "1463"]
[BlackElo "1833"]
[PlyCount "43"]
[EventDate "2012.04.02"]
[EventType "swiss"]
[EventRounds "9"]
[EventCountry "ESP"]
[Source "lmi"]
[SourceDate "2012.04.02"]

1. d4 d5 2. c4 c6 3. Nc3 e6 4. e4 dxc4 5. Bxc4 b5 6. Be2 Bb7 7. Nf3 a6 8. O-O
Nf6 9. e5 Nd5 10. Ng5 Nxc3 11. bxc3 Be7 12. f4 Nd7 13. Bd3 g6 14. Qg4 h5 15.
Qg3 Nf8 16. Ne4 Qd5 17. Ba3 Nd7 18. Bxe7 Kxe7 19. Qg5+ Kf8 20. Nd6 Rb8 21. Be4
f6 22. Qxg6 1-0

[Event "5. Open Memorial Pedro Lezcano 2012"]
[Site "Gran Canaria ESP"]
[Date "2012.04.03"]
[Round "2.31"]
[White "Diaz Suarez, Cayetano"]
[Black "Suarez Ramirez, Jonay"]
[Result "0-1"]
[WhiteElo "1827"]
[BlackElo "1492"]
[PlyCount "78"]
[EventDate "2012.04.02"]
[EventType "swiss"]
[EventRounds "9"]
[EventCountry "ESP"]
[Source "lmi"]
[SourceDate "2012.04.02"]

1. e4 c5 2. b4 cxb4 3. d4 g6 4. Nf3 d6 5. Bc4 Bg7 6. O-O Nc6 7. Bb2 Nf6 8. d5
Nb8 9. Qd4 O-O 10. c3 Nbd7 11. cxb4 Nb6 12. Bb3 Bg4 13. Nc3 Bxf3 14. gxf3 Qd7
15. Ne2 Qh3 16. Ng3 Nh5 17. Nxh5 Bxd4 18. Nf4 Qxf3 19. Bxd4 Qxf4 20. f3 Rac8
21. Rae1 Qg5+ 22. Kh1 f6 23. Rg1 Qh4 24. Be3 Rc3 25. Kg2 Rfc8 26. Bf2 Qf4 27.
Bd1 Nd7 28. Bg3 Qg5 29. f4 Qh6 30. Bg4 R8c7 31. Bd1 R7c4 32. b5 Rd4 33. Rgf1
Rd2+ 34. Rf2 Rxf2+ 35. Kxf2 Ra3 36. Bb3 Nc5 37. Re3 Nxb3 38. axb3 Qh5 39. Re2
Rxb3 0-1

[Event "5. Open Memorial Pedro Lezcano 2012"]
[Site "Gran Canaria ESP"]
[Date "2012.04.03"]
[Round "2.32"]
[White "Suarez Fleitas, Alberto"]
[Black "Buet, Samuel"]
[Result "0-1"]
[WhiteElo "1441"]
[BlackElo "1826"]
[PlyCount "68"]
[EventDate "2012.04.02"]
[EventType "swiss"]
[EventRounds "9"]
[EventCountry "ESP"]
[Source "lmi"]
[SourceDate "2012.04.02"]

1. e4 c5 2. Nf3 d6 3. d4 cxd4 4. Nxd4 Nf6 5. Bd3 g6 6. Bg5 Bg7 7. c3 O-O 8. O-O
Bd7 9. Nd2 Nc6 10. N2b3 Rc8 11. Qd2 Ne5 12. Rfe1 Nxd3 13. Qxd3 Ng4 14. Nf3 Qb6
15. Be3 Nxe3 16. Qxe3 Qb5 17. Nfd4 Qh5 18. f3 Bh6 19. Qf2 a5 20. Nc2 a4 21.
Nbd4 Rc5 22. Ne2 Bb5 23. Ng3 Qh4 24. Na3 Ba6 25. Ne2 Qh5 26. Rad1 Bxe2 27. Qxe2
Bf4 28. g3 Rg5 29. g4 f5 30. Kh1 fxg4 31. fxg4 Rxg4 32. Rd3 Bxh2 33. Qxg4 Qxg4
34. Kxh2 Qh4+ 0-1

[Event "5. Open Memorial Pedro Lezcano 2012"]
[Site "Gran Canaria ESP"]
[Date "2012.04.03"]
[Round "2.33"]
[White "Perez Castellano, Susana"]
[Black "Diaz Martin, Carolina"]
[Result "1-0"]
[WhiteElo "1817"]
[BlackElo "1469"]
[PlyCount "59"]
[EventDate "2012.04.02"]
[EventType "swiss"]
[EventRounds "9"]
[EventCountry "ESP"]
[Source "lmi"]
[SourceDate "2012.04.02"]

1. e4 e5 2. Nf3 Nc6 3. Bc4 Nf6 4. d3 Bc5 5. c3 d6 6. Bb3 Bb6 7. Bg5 h6 8. Bh4
O-O 9. O-O Be6 10. Bc2 Qe7 11. d4 Bg4 12. d5 Nd8 13. h3 Bh5 14. Nbd2 c6 15. c4
g5 16. Bg3 Rc8 17. b4 cxd5 18. cxd5 Bd4 19. Rc1 a6 20. Bd3 Rxc1 21. Qxc1 b5 22.
Nxd4 exd4 23. Qb2 Re8 24. Qxd4 Bg6 25. Re1 Bh7 26. Qb6 Nb7 27. Rc1 Nd8 28. Rc7
Nd7 29. Qa7 Qf6 30. Rxd7 1-0

[Event "5. Open Memorial Pedro Lezcano 2012"]
[Site "Gran Canaria ESP"]
[Date "2012.04.03"]
[Round "2.34"]
[White "Capote Robayna, Johanna"]
[Black "Bordon Sanchez, Jose Domingo"]
[Result "1-0"]
[WhiteElo "1809"]
[BlackElo "1448"]
[PlyCount "41"]
[EventDate "2012.04.02"]
[EventType "swiss"]
[EventRounds "9"]
[EventCountry "ESP"]
[Source "lmi"]
[SourceDate "2012.04.02"]

1. e4 e5 2. Nf3 Nc6 3. Bb5 Nf6 4. O-O Be7 5. d4 Nxd4 6. Nxd4 exd4 7. e5 Nd5 8.
Qg4 g6 9. Qxd4 c6 10. Bc4 Qb6 11. Qe4 O-O 12. Bxd5 cxd5 13. Qxd5 Rd8 14. Nd2
Qc7 15. Ne4 d6 16. Ng5 Rf8 17. Bf4 Bxg5 18. exd6 Qd7 19. Bxg5 Qg4 20. Bh6 Re8
21. Rae1 1-0

[Event "5. Open Memorial Pedro Lezcano 2012"]
[Site "Gran Canaria ESP"]
[Date "2012.04.03"]
[Round "2.35"]
[White "Diaz Martin, Cristina"]
[Black "Sanchez Montesdeoca, Isaac"]
[Result "1/2-1/2"]
[WhiteElo "1407"]
[BlackElo "1775"]
[PlyCount "76"]
[EventDate "2012.04.02"]
[EventType "swiss"]
[EventRounds "9"]
[EventCountry "ESP"]
[Source "lmi"]
[SourceDate "2012.04.02"]

1. e4 b6 2. d4 Bb7 3. Nc3 e6 4. a3 Nf6 5. Bd3 c5 6. Nf3 a6 7. Bg5 Be7 8. e5 Nd5
9. Ne4 Qc7 10. Bxe7 Kxe7 11. Nd6 Nf4 12. Rg1 cxd4 13. Qd2 Nxd3+ 14. Qxd3 Nc6
15. Qd2 h6 16. Nxb7 Nxe5 17. Qxd4 Nxf3+ 18. gxf3 Qxb7 19. O-O-O g6 20. Qh4+ g5
21. Qb4+ Ke8 22. Qd4 Rg8 23. Qf6 Rg6 24. Qh8+ Ke7 25. Qd4 Qc6 26. f4 Rc8 27.
Rd2 d5 28. fxg5 hxg5 29. h4 f6 30. hxg5 Rxg5 31. Rxg5 fxg5 32. Qg7+ Kd6 33.
Qxg5 Qc4 34. Qg3+ e5 35. Qg6+ Kc5 36. Qd3 Qxd3 37. Rxd3 Rf8 38. f3 Rf4 1/2-1/2

[Event "5. Open Memorial Pedro Lezcano 2012"]
[Site "Gran Canaria ESP"]
[Date "2012.04.03"]
[Round "2.36"]
[White "Guerra Arrocha, Daniel"]
[Black "Garcia Cruz, Jose Manuel"]
[Result "1-0"]
[WhiteElo "1771"]
[BlackElo "1408"]
[PlyCount "41"]
[EventDate "2012.04.02"]
[EventType "swiss"]
[EventRounds "9"]
[EventCountry "ESP"]
[Source "lmi"]
[SourceDate "2012.04.02"]

1. e4 e5 2. Nf3 Nc6 3. Bc4 Nf6 4. Ng5 d5 5. exd5 Nxd5 6. Nxf7 Kxf7 7. Qf3+ Ke8
8. Bxd5 Qf6 9. Bxc6+ bxc6 10. Qxf6 gxf6 11. d3 Rg8 12. g3 Bh3 13. Nc3 Bb4 14.
Bd2 a5 15. a3 Bc5 16. O-O-O Bxf2 17. Ne4 Bg2 18. Nxf2 Bxh1 19. Rxh1 Ke7 20. Re1
Rg4 21. Nxg4 1-0

[Event "5. Open Memorial Pedro Lezcano 2012"]
[Site "Gran Canaria ESP"]
[Date "2012.04.03"]
[Round "2.37"]
[White "Quevedo Sarmiento, Jacinto"]
[Black "Salazar De La Cruz, Jose Maria"]
[Result "0-1"]
[WhiteElo "2000"]
[BlackElo "1769"]
[PlyCount "86"]
[EventDate "2012.04.02"]
[EventType "swiss"]
[EventRounds "9"]
[EventCountry "ESP"]
[Source "lmi"]
[SourceDate "2012.04.02"]

1. d4 d5 2. Bg5 Nd7 3. e3 Ngf6 4. Nf3 e6 5. Bd3 Be7 6. Nbd2 b6 7. c3 Bb7 8. Ne5
O-O 9. Ndf3 c5 10. Rc1 h6 11. Bh4 Nh7 12. Bxe7 Qxe7 13. Nxd7 Qxd7 14. Ne5 Qe8
15. f4 Nf6 16. Rg1 Qe7 17. Qf3 Ne4 18. Bxe4 dxe4 19. Qh3 Rfd8 20. g4 Rac8 21.
g5 Kh7 22. g6+ fxg6 23. Rxg6 cxd4 24. Rxe6 Qf8 25. Qh5 Rc7 26. Qg6+ Kh8 27. Qh5
Kg8 28. Rd1 d3 29. Kd2 Bd5 30. Rg6 Kh7 31. Rdg1 Bxa2 32. R6g3 Re8 33. Qg6+ Kh8
34. Qh5 Kh7 35. Qg6+ Kg8 36. Ng4 Kh8 37. Qh5 Be6 38. Ne5 Bf5 39. Rg5 Rxe5 40.
fxe5 Bg4 41. Qxg4 Qf2+ 42. Kd1 Qc2+ 43. Ke1 d2+ 0-1

[Event "5. Open Memorial Pedro Lezcano 2012"]
[Site "Gran Canaria ESP"]
[Date "2012.04.03"]
[Round "2.38"]
[White "Schlittermann, Wolfgang"]
[Black "Porretti Garcia, Guido"]
[Result "1-0"]
[WhiteElo "1751"]
[BlackElo "1314"]
[PlyCount "49"]
[EventDate "2012.04.02"]
[EventType "swiss"]
[EventRounds "9"]
[EventCountry "ESP"]
[Source "lmi"]
[SourceDate "2012.04.02"]

1. Nf3 Nf6 2. c4 g6 3. d4 Bg7 4. Nc3 d5 5. cxd5 Nxd5 6. e4 Nf6 7. h3 c5 8. Bb5+
Bd7 9. dxc5 Bxb5 10. Qxd8+ Kxd8 11. Nxb5 Nxe4 12. O-O Nxc5 13. Ng5 Kc8 14. Nxf7
Rf8 15. Ng5 h6 16. Nf3 Na4 17. Nbd4 Nc5 18. Be3 Nbd7 19. b4 Nd3 20. Rfd1 Nxb4
21. Rac1+ Kb8 22. Ne6 Rg8 23. Nxg7 Rxg7 24. Rxd7 a6 25. Rd8# 1-0

[Event "5. Open Memorial Pedro Lezcano 2012"]
[Site "Gran Canaria ESP"]
[Date "2012.04.03"]
[Round "2.39"]
[White "Guedes Lopez, Mario"]
[Black "Guerrero Ruiz, Jose Luis"]
[Result "0-1"]
[WhiteElo "1476"]
[BlackElo "1744"]
[PlyCount "94"]
[EventDate "2012.04.02"]
[EventType "swiss"]
[EventRounds "9"]
[EventCountry "ESP"]
[Source "lmi"]
[SourceDate "2012.04.02"]

1. b3 d5 2. Bb2 Bf5 3. e3 e6 4. Nf3 Nf6 5. c4 c6 6. cxd5 Nxd5 7. a3 Nd7 8. d4
N7f6 9. Nc3 Nxc3 10. Bxc3 Ne4 11. Bb2 Qc7 12. Bd3 Qa5+ 13. Nd2 Nxf2 14. Kxf2
Bxd3 15. Re1 Qf5+ 16. Kg1 Be4 17. Nxe4 Qxe4 18. Rc1 Rd8 19. Qe2 Rd5 20. Rf1 Bd6
21. Qf3 Qxf3 22. Rxf3 f5 23. Rcf1 O-O 24. b4 a5 25. Bc3 axb4 26. axb4 Rb5 27.
Rb1 Ra8 28. Rf2 Ra3 29. Bd2 Ra2 30. Bc3 Rxf2 31. Kxf2 Kf7 32. g3 g6 33. Ke2 e5
34. Kd3 exd4 35. exd4 f4 36. g4 h5 37. h3 hxg4 38. hxg4 Ke6 39. Ke4 Rb6 40. Bd2
g5 41. Bc3 Ra6 42. Rh1 Be7 43. Rd1 Ra2 44. d5+ cxd5+ 45. Rxd5 Re2+ 46. Kd3 Re3+
47. Kc4 Rxc3+ 0-1